LIBRARY & INFORMATION CENTRE, KCAET, TAVANUR

ONLINE PUBLIC ACCESS CATALOGUE (OPAC)

Nanotechnology: Basic science to emerging technology / (Record no. 12980)

MARC details
000 -LEADER
fixed length control field 00358cam a2200133ua 4500
041 ## - LANGUAGE CODE
Language code of text/sound track or separate title eng
100 ## - MAIN ENTRY--AUTHOR NAME
Personal name Suri, Shalini .
245 ## - TITLE STATEMENT
Title Nanotechnology: Basic science to emerging technology /
260 ## - PUBLICATION, DISTRIBUTION, ETC. (IMPRINT)
Place of publication New Delhi :
Name of publisher A.P.H Publication ,
Year of publication 2006.
300 ## - PHYSICAL DESCRIPTION
Number of Pages ; .
942 ## - ADDED ENTRY ELEMENTS (KOHA)
Koha item type Books
Holdings
Withdrawn status Lost status Damaged status Home library Current library Date acquired Accession Number Koha item type
      KAUAET KAUAET 07/04/2012 21195 Books
free website counter